000 00568nam a22002052 4500
001 0000005216
005 20151217145824.0
008 070608s xx 000 0 eng d
020 _a9966994815 :
_cKES 630
040 _aKABU
_cKABU
050 0 _aTK5105.875
_b.O58 1998
100 1 _aOnunga, John.
_@0000156380
245 1 4 _aThe Internet /
_cJohn Onunga.
260 _aNairobi :
_bInformation Systems Academy,
_c1998.
300 _a279 p.
650 _aInternet
908 _a070608
950 _@1
999 _c2934
_d2934